[Event "Wch FIDE Online U18 Europe qual"]
[Site "Tornelo INT"]
[Date "2020.12.08"]
[Round "3"]
[White "Gatt, Matthias"]
[Black "Willow, Jonah B"]
[Result "0-1"]
[WhiteElo "1523"]
[BlackElo "2168"]
[PlyCount "84"]
[EventDate "2020.12.07"]
[EventType "swiss (rapid)"]
[EventRounds "7"]
[EventCountry "ISS"]
[SourceTitle "EXT 2022"]
[Source "ChessBase"]
[SourceDate "2021.10.06"]
[SourceVersion "1"]
[SourceVersionDate "2021.10.06"]
[SourceQuality "1"]

1. d4 Nf6 2. Bf4 e6 3. e3 c5 4. c3 cxd4 5. exd4 Be7 6. Nf3 0-0 7. Bd3 b6 8. 0-0 Bb7 9. Nbd2 d6 10. h3 Nbd7 11. Bh2 Re8 12. Re1 Bf8 13. Nc4 Qc7 14. Qc2 Bxf3 15. gxf3 g6 16. Ne3 Qc6 17. Qe2 Nh5 18. Ng4 Bg7 19. Be4 d5 20. Bd3 f5 21. Ne5 Nxe5 22. dxe5 Qc7 23. Rac1 Bh6 24. Rc2 Qe7 25. Bb5 Red8 26. Kh1 Qh4 27. Qf1 Rac8 28. Rd1 Qe7 29. Rd4 f4 30. Rcd2 Bg7 31. Bxf4 Nxf4 32. Rxf4 Bh6 33. Rdd4 Bxf4 34. Rxf4 Rf8 35. Rg4 Rxf3 36. Be2 Rf5 37. Qg2 Qf7 38. Bd3 Rxf2 39. Qg1 Qf3+ 40. Rg2 Rxg2 41. Qxg2 Qxd3 42. h4 Qe4 0-1

[Event "EU-ch U16 28th"]
[Site "Riga"]
[Date "2018.08.23"]
[Round "4"]
[White "Papadopoulos, Dimitrios Ath"]
[Black "Gatt, Matthias"]
[Result "1/2-1/2"]
[WhiteElo "1618"]
[BlackElo "1528"]
[PlyCount "45"]
[EventDate "2018.08.20"]
[EventType "swiss"]
[EventRounds "9"]
[EventCountry "LAT"]
[SourceTitle "CBM 186 Extra"]
[Source "ChessBase"]
[SourceDate "2018.08.24"]
[SourceVersion "1"]
[SourceVersionDate "2018.08.24"]
[SourceQuality "1"]

1. d4 f5 2. Nc3 e6 3. Nf3 Nf6 4. Bf4 d5 5. Nb5 Bd6 6. Nxd6+ cxd6 7. e3 Nc6 8. Be2 0-0 9. 0-0 Re8 10. c4 dxc4 11. Bxc4 d5 12. Bd3 Ne4 13. a3 a5 14. Bxe4 fxe4 15. Ne5 Nxe5 16. Bxe5 b6 17. Qg4 Qe7 18. Rac1 Bd7 19. Rc7 b5 20. Rc5 Rec8 21. Rfc1 h6 22. h4 Qf7 23. Qg3 1/2-1/2

[Event "EU-ch U14 26th"]
[Site "Prague"]
[Date "2016.08.21"]
[Round "4"]
[White "Gatt, Matthias"]
[Black "Fossan, Aleksander"]
[Result "0-1"]
[WhiteElo "1475"]
[BlackElo "1834"]
[PlyCount "66"]
[EventDate "2016.08.18"]
[EventType "swiss"]
[EventRounds "9"]
[EventCountry "CZE"]
[SourceTitle "CBM 174 Extra"]
[Source "ChessBase"]
[SourceDate "2016.10.10"]
[SourceVersion "1"]
[SourceVersionDate "2016.10.10"]
[SourceQuality "1"]

1. c4 c5 2. g3 g6 3. Nc3 Bg7 4. Bg2 Nc6 5. Nf3 e5 6. d3 Nge7 7. 0-0 0-0 8. Be3 d6 9. Qc1 Nf5 10. Bd2 Rb8 11. e4 Nfd4 12. Nxd4 Nxd4 13. Bh6 a6 14. Bxg7 Kxg7 15. Qd2 b5 16. b3 f5 17. f3 f4 18. g4 h5 19. h3 hxg4 20. hxg4 Rh8 21. Ne2 Qh4 22. Nxd4 Qh2+ 23. Kf2 Qg3+ 24. Kg1 cxd4 25. cxb5 axb5 26. Rac1 Bxg4 27. fxg4 Qh2+ 28. Kf2 f3 29. Rc7+ Kg8 30. Ke1 fxg2 31. Qf2 gxf1Q+ 32. Qxf1 Rf8 33. Rc8 Rxc8 0-1